000 01715cam a2200445Ma 4500
001 79456
005 20230410115529.0
006 m d
007 cr zn|||||||||
008 070822s2007 enka sb 001 0 eng d
035 _a(OCoLC)ocn426466096
040 _aCNCGM
_cCNCGM
015 _aGBA775108
_2bnb
020 _a9786611243166
020 _a661124316X
020 _z0521877415 (Cloth)
020 _z0511377738 (electronic bk.)
035 _a(OCoLC)426466096
050 1 4 _aHD6134
_b.B664s 2007eb
082 0 4 _a331.44094
_222
245 0 0 _aSocial policies, labour markets and motherhood
_h[electronic resource] :
_ba comparative analysis of European countries /
_cedited by Daniela Del Boca dn Cecile Wetzels.
260 _aCambridge, UK ;
_aNew York :
_bCambridge University Press,
_c2007.
300 _axxi, 313 p. :
_bill. ;
_c24 cm.
500 _aTitle from e-book title screen (viewed April 28, 2008).
504 _aIncludes bibliographical references (p. 302-303) and index.
533 _aElectronic reproduction.
_bUK :
_cMyiLibrary,
_d2008
_nAvailable via World Wide Web.
_nAccess may be limited to MIL affiliated libraries.
650 0 _aMothers
_xEmployment
_xGovernment policy
_zEurope.
650 0 _aWorking mothers
_xGovernment policy
_zEurope.
650 0 _aWork and family
_xGovernment policy
_zEurope.
650 0 _aFertility, Human
_zEurope.
650 0 _aMothers
_xEmployment
_zEurope.
650 0 _aWorking mothers
_zEurope.
700 1 _aDel Boca, Daniela.
700 1 _aWetzels, Câecile.
710 2 _aMyiLibrary.
856 4 _yConnect to MyiLibrary resource
_uhttp://www.myilibrary.com?id=124316
942 _2lcc
_cbk
994 _aC0
_bDRFGD
946 _anc
999 _c43026
_d43026